Flags True or False - Statistics

General Stats
  • This quiz has been taken 287 times
    286 since last reset
  • The average score is 8 of 15
Answer Stats
Question Answer % Correct
Sri Lanka's flag has colors red, purple and white. False
82%
Austria has the same flag since 1945 True
71%
Taiwan's flag has only 3 colors in its flag True
71%
Russia's flag has the double-headed eagle in its flag False
68%
Nepal's flag has shape of a square False
68%
Tuvalu has 9 islands and it has a star for each island. True
62%
East Timor's flag has a white star between a black triangle True
59%
Rwanda's flag has a sun on the stripe that is color green False
56%
China's flag has the same color of the communist flag True
56%
The oldest flag of the World is San Marino's flag False
53%
There is a country that has all of this colors red, purple and green True
50%
All flags of Oceania have star or a sun in their flags False
47%
Andorra's flag only has the stripes of the colors blue, yellow, and red in its flag False
44%
A man named George Stanley created Denmark's flag False
32%
Mexican flag changed in October of 1968. False
24%
No matching quizzes found
Score Distribution
Percent of People with Each Score
Percentile by Number Answered
Your Score History
You have not taken this quiz since the last reset